000 00557nam a22001937a 4500
003 OSt
005 20140310182950.0
008 130206t xxu||||| |||| 00| 0 eng d
020 _a9719489015
050 _aHF 5657.4
_b.C35 2007
100 _aCabrera- Balatbat, Ma. Elenita.
245 _aManagerial accounting and finance for hospitality operations /
_cMa. Elenita Balatbat Cabrera
260 _aManila ;
_bGIC Enterprises,
_c2007.
300 _a390 p. :
_c23 cm.
_bill. ;
521 _aBSA
562 _e1
942 _2lcc
_cBK
_kLOC
999 _c17894
_d17894